[Event "IV JAHV McGregor 2013"]
[Site "Bogota COL"]
[Date "2013.12.07"]
[Round "6.58"]
[White "Acosta,A COL"]
[Black "Moreno Lozano,David"]
[Result "1-0"]
[WhiteElo "2309"]
[BlackElo "1912"]

1.e4 g6 2.d4 Bg7 3.Nc3 d6 4.h3 Nf6 5.g4 O-O 6.Bg2 e5 7.Nge2 Nbd7 8.Be3 h5
9.f3 Re8 10.d5 Nh7 11.gxh5 Qh4+ 12.Kf1 g5 13.Nb5 Ndf8 14.Nxc7 Bd7 15.Qd2 f5
16.Bf2 Qxh5 17.Ng3 Qf7 18.Ke2 f4 19.Nf1 Bxh3 20.Bxh3 Qxc7 21.Nh2 Kf7 22.Bf5 Nf6
23.b3 N8h7 24.Rag1 Rh8 25.c4 a6 26.Kd3 Nd7 27.Ke2 Rac8 28.Rc1 Rcd8 29.Kf1 Nhf6
30.Kg2 b6 31.Ng4 Nxg4 32.Bxg4 Rxh1 33.Rxh1 Rh8 34.Rxh8 Bxh8 35.Qd1 Nc5 36.Qh1 Qd8
37.Qh7+ Kf6 38.b4 Na4 39.Qh6+ Kf7 40.Be6+ Ke7 41.Qh7+  1-0

[Event "5th Classic Open 2013"]
[Site "London ENG"]
[Date "2013.12.07"]
[Round "1.53"]
[White "Sagues,V"]
[Black "Gislason,G"]
[Result "1/2-1/2"]
[WhiteElo "1904"]
[BlackElo "2318"]

1.e4 g6 2.d4 Bg7 3.Nc3 d6 4.Nf3 a6 5.a4 b6 6.Bc4 e6 7.O-O Ne7 8.Bf4 h6 9.Qd2 g5
10.Be3 Ng6 11.Rfd1 Nd7 12.Ne2 Nf6 13.Bd3 Bb7 14.Ng3 g4 15.Ne1 h5 16.e5 dxe5
17.Bxg6 fxg6 18.dxe5 Qxd2 19.Rxd2 Nd5 20.Bg5 Bxe5 21.Nd3 Bg7 22.Re1 h4 23.Ne4 g3
24.fxg3 hxg3 25.Nxg3 O-O 26.c4  1/2-1/2

[Event "TCh-NED Meesterklasse 2013-14"]
[Site "Netherland NED"]
[Date "2013.12.07"]
[Round "3.5"]
[White "Willemze,T"]
[Black "Pel,B"]
[Result "0-1"]
[WhiteElo "2425"]
[BlackElo "2284"]

1.e4 d6 2.d4 g6 3.Nc3 Bg7 4.Be3 a6 5.Qd2 Nd7 6.h4 h5 7.Nh3 b5 8.Ng5 Bb7 9.f3 Ngf6
10.a4 c6 11.Be2 O-O 12.O-O e5 13.f4 exd4 14.Bxd4 b4 15.Nd1 c5 16.Bxf6 Nxf6
17.Nf2 Nh7 18.c3 bxc3 19.bxc3 Qa5 20.Ra3 Rad8 21.f5 Bh6 22.fxg6 fxg6 23.Qa2+ Kh8
24.Nf7+ Kg7 25.Nxd8 Qxd8 26.c4 Nf6 27.Qb2 Qe7 28.Bf3 Bc8 29.g4 hxg4 30.Bxg4 Bf4
31.Bxc8 Rxc8 32.Ng4 Be5 33.Nxe5 dxe5 34.Raf3 Rc6 35.Qg2 Qd8 36.Qg5 Re6 37.R1f2 Qe7
38.Qg2 Qb7 39.h5 Nxh5 40.Rf7+ Qxf7 41.Rxf7+ Kxf7 42.Qf2+ Nf6 43.Qxc5 Nxe4
44.Qc8 Ng5 45.Qb7+ Kf6 46.c5 e4 47.Qb2+ Kf5 48.Kf2 e3+ 49.Ke2 Nh3 50.Qb1+ Kg4
51.Ke1 Nf4 52.Qc2 e2 53.Qc4 Kf3 54.Qb3+ Re3 55.Qf7 Rd3 56.Qb7+ Kg3  0-1

[Event "TCh-SVK Ext 2013-14"]
[Site "Slovakia SVK"]
[Date "2013.12.07"]
[Round "3.1"]
[White "Pacher,M"]
[Black "Petenyi,T"]
[Result "1/2-1/2"]
[WhiteElo "2446"]
[BlackElo "2469"]

1.e4 g6 2.d4 Bg7 3.Nc3 d6 4.f4 c6 5.Nf3 Qc7 6.Bd3 Bg4 7.Be3 e5 8.dxe5 dxe5
9.f5 gxf5 10.exf5 Nf6 11.h3 Bxf3 12.Qxf3 Nbd7 13.O-O-O O-O-O 14.Bxa7 Qa5
15.Bf2 e4 16.Bxe4 Nxe4 17.Qxe4 Bxc3 18.bxc3 Qxa2 19.Qb4 Ne5 20.c4 Nxc4 21.Qc3 Rhe8
22.Rxd8+ Rxd8 23.Rd1 Rxd1+ 24.Kxd1 Nd6 25.g4 Qb1+ 26.Ke2 Nb5 27.Qc5 Kd7 28.Kf3 Nd6
29.Kg2 Qd1 30.Qc3 h5 31.Qd3 Qxd3 32.cxd3 hxg4 33.hxg4 b5 34.Bc5 Nb7 35.Bf8 c5
36.Kf3 Nd6 37.Bg7 b4 38.Kf4 b3 39.g5 c4 40.dxc4 Nxc4 41.g6 fxg6 42.fxg6 Ke6
43.Kg5 Ne5 44.Bxe5 Kxe5 45.g7 b2 46.g8=Q b1=Q 47.Qg7+  1/2-1/2

[Event "TCh-SVK Ext 2013-14"]
[Site "Slovakia SVK"]
[Date "2013.12.07"]
[Round "3.4"]
[White "Motuz,K"]
[Black "Jurcik,Mari"]
[Result "0-1"]
[WhiteElo "2312"]
[BlackElo "2481"]

1.d4 d6 2.e4 g6 3.Nc3 Bg7 4.Be3 a6 5.Qd2 b5 6.Bd3 Nd7 7.a4 b4 8.Nce2 a5 9.Nf3 e6
10.Ng3 Nb6 11.O-O Ne7 12.Bh6 O-O 13.h4 c5 14.Rfe1 c4 15.Bf1 Bd7 16.b3 Rc8
17.Rac1 f6 18.e5 c3 19.Qe3 Ned5 20.Bxg7 Nxe3 21.Bxf8 Nxf1 22.Bxd6 Nxg3 23.fxg3 Bc6
24.Nh2 f5 25.Re2 Nd5 26.Nf3 h6 27.Kf2 f4 28.Rh1 Ne3 29.gxf4 Nf5 30.h5 Bxf3
31.gxf3 Nxd4 32.Re4 Qb6 33.hxg6 Nxc2+ 34.Kg3 Ne3 35.Rc1 c2 36.f5 Nxf5+  0-1

[Event "52nd TCh-DEN XtraCon 2013-14"]
[Site "Denmark DEN"]
[Date "2013.12.08"]
[Round "3.2"]
[White "Ochsner,B"]
[Black "Aabling Thomsen,J"]
[Result "0-1"]
[WhiteElo "2266"]
[BlackElo "2360"]

1.e4 g6 2.d4 Bg7 3.Nc3 d6 4.f4 Nf6 5.Nf3 c5 6.Bb5+ Bd7 7.Bxd7+ Nfxd7 8.d5 O-O
9.O-O Na6 10.Qe2 Nc7 11.Kh1 a6 12.a4 b6 13.f5 Rb8 14.Ng5 h6 15.Nh3 Ne5 16.Bf4 b5
17.axb5 axb5 18.Bxe5 Bxe5 19.Qg4 Kh7 20.fxg6+ fxg6 21.Rxf8 Qxf8 22.Ra7 b4
23.Ne2 Nb5 24.Rd7 Ra8 25.Nhg1 Nd4 26.c3 Nxe2 27.Qxe2 bxc3 28.bxc3 Bxc3 29.Qf3 Qg7
30.h4 Ra1 31.Kh2 Be5+ 32.g3 Qf6 33.h5 Ra2+ 34.Kh3 gxh5  0-1

[Event "34th El Corte Ingles"]
[Site "Las Palmas ESP"]
[Date "2013.12.08"]
[Round "9.26"]
[White "Monteiro Rodrigues,C"]
[Black "Gonzalez Ortega,Pino"]
[Result "1-0"]
[WhiteElo "1543"]
[BlackElo "1417"]

1.e4 d6 2.d4 g6 3.Nc3 Bg7 4.Nf3 Nf6 5.Be3 Ng4 6.Bc4 Nxe3 7.fxe3 O-O 8.Qd2 c6
9.Bb3 Na6 10.O-O c5 11.Nd5 cxd4 12.exd4 Be6 13.Ng5 Bxd5 14.Bxd5 Bh6 15.h4 Qd7
16.Kh1 e6 17.Bb3 Qe7 18.Qa5 Qc7 19.Qe1 Qe7 20.Nf3 Rac8 21.g4 b6 22.g5 Bg7
23.h5 Nc7 24.Qg3 Nb5 25.c3 Rc7 26.Qh3 f6 27.hxg6  1-0

[Event "TCh-CZE Zapad 2013-14"]
[Site "Prague CZE"]
[Date "2013.12.08"]
[Round "4.4"]
[White "Cuhra,M"]
[Black "Hinks Edwards,T"]
[Result "1/2-1/2"]
[WhiteElo "2242"]
[BlackElo "2373"]

1.e4 g6 2.d4 Bg7 3.Nc3 d6 4.Be3 a6 5.f3 b5 6.Qd2 Nd7 7.Nge2 Bb7 8.h4 h5 9.d5 c5
10.dxc6 Bxc6 11.Nd4 Bb7 12.Nd5 Ngf6 13.Nxf6+ Bxf6 14.O-O-O Rc8 15.Nb3 Ne5
16.Qa5 Qd7 17.Qe1 Qc7 18.Qe2 O-O 19.Kb1 a5 20.Bd4 a4 21.Nc1 b4 22.f4 Ng4
23.g3 a3 24.Bh3 Ba6 25.Qg2 Bxd4 26.Bxg4 Bxb2 27.Bxc8 Bxc8 28.Nb3 Be6 29.Rh2 Rc8
30.Qd2 Bc3 31.Qe3 Bf6 32.Qd3 Bc4 33.Qe3 Bb2 34.Rf2 Bc3 35.Rh2 Be6 36.Rf2 Bg4
37.Rg1 Qc4 38.Rh2 Qe6 39.Nd4 Bxd4 40.Qxd4 Rc4 41.Qd5 Qxe4 42.Qxe4 Rxe4 43.Rd2 Bf5
44.Rgd1 Re3 45.Rg1 Rc3 46.Rgg2 Be4 47.Rg1 f5 48.Kc1 Kf7 49.Kd1 Ke6 50.Rd4 Bxc2+
51.Kd2 Be4 52.Rxb4 Rc2+ 53.Ke3 Rxa2 54.Ra4 d5 55.Ra6+ Kf7 56.Ra4 Ke6 57.Ra6+ Kd7
58.Ra7+ Kd6 59.Ra6+ Kc5 60.Rc1+ Kb5 61.Ra7 Rg2 62.Rc3 a2 63.Kd4 Rd2+ 64.Ke3 Rg2
65.Kd4 Rd2+ 66.Ke3 Rg2 67.Kd4  1/2-1/2

[Event "TCh-SVK Ext 2013-14"]
[Site "Slovakia SVK"]
[Date "2013.12.08"]
[Round "4.1"]
[White "Vlcek,S"]
[Black "Briestensky,R"]
[Result "1/2-1/2"]
[WhiteElo "2312"]
[BlackElo "2301"]

1.e4 d6 2.d4 g6 3.Nc3 Bg7 4.Be3 a6 5.a4 e6 6.a5 d5 7.Nf3 Nc6 8.Qd2 Nce7 9.e5 c5
10.Ne2 Nc6 11.dxc5 Nxe5 12.Nxe5 Bxe5 13.Bd4 Qf6 14.f4 Bxd4 15.Nxd4 Ne7 16.Be2 O-O
17.O-O Bd7 18.c3 Rfe8 19.Rae1 Nc6 20.b4 Rad8 21.Bd1 Kh8 22.Rf2 Rg8 23.Bc2 Be8
24.Re3 Bd7 25.Rg3 Rge8 26.Nxc6 Bxc6 27.Qd4 Qg7 28.Re2 Re7 29.f5 Qxd4+ 30.cxd4 gxf5
31.Bxf5 Rg8 32.Kf2 Rxg3 33.Kxg3 Re8 34.Bd3 f6 35.Kf4 Bd7 36.Re3 Re7 37.g4 h6
38.h4 Kg7 39.Be2 Re8 40.Bd3 Kf7 41.g5 hxg5+ 42.hxg5 Rh8 43.gxf6 Kxf6 44.Rf3 Rh4+
45.Ke3+ Ke7 46.Rf4 Rh2 47.Rf2  1/2-1/2

[Event "5th Penang Open 2013"]
[Site "George Town MAS"]
[Date "2013.12.09"]
[Round "1.5"]
[White "Menkinoski,R"]
[Black "William,Lee Kah Howe"]
[Result "1-0"]
[WhiteElo "2359"]
[BlackElo "1798"]

1.e4 d6 2.d4 g6 3.Nc3 Bg7 4.Bg5 h6 5.Bh4 Nd7 6.Qd2 a6 7.f4 b6 8.Nf3 Bb7 9.d5 c5
10.a4 Qc7 11.Bc4 Ngf6 12.O-O O-O 13.Rae1 Rfe8 14.e5 Nh7 15.Ne4 dxe5 16.d6 Qc8
17.dxe7 Bxe4 18.Rxe4 Nhf6 19.Rxe5 Nxe5 20.fxe5 Nh7 21.Bxf7+ Kh8 22.Bxg6 Qe6
23.Qd3 c4 24.Qe4  1-0

[Event "5th Classic Open 2013"]
[Site "London ENG"]
[Date "2013.12.09"]
[Round "3.50"]
[White "Semprun Martinez,F"]
[Black "Prior,Stephen C V"]
[Result "1-0"]
[WhiteElo "2213"]
[BlackElo "2031"]

1.e4 g6 2.d4 Bg7 3.Nc3 d6 4.f4 a6 5.Nf3 b5 6.Bd3 Nd7 7.a4 b4 8.Ne2 Bb7 9.O-O Rc8
10.c3 c5 11.cxb4 cxd4 12.a5 Ngf6 13.e5 Nd5 14.e6 fxe6 15.Nexd4 Nc7 16.Bxa6 Rb8
17.Bxb7 Rxb7 18.b5 e5 19.fxe5 Nxe5 20.b6 O-O 21.bxc7 Qc8 22.a6 Rxc7 23.Qb3+ Kh8
24.Ne6 Nxf3+ 25.gxf3 Be5 26.Nxf8 Qh3 27.Nxg6+ hxg6 28.Rf2 Kg7 29.Be3 Rc8
30.f4 Bf6 31.a7 Ra8 32.Rg2 d5 33.Qd3 g5 34.Rxg5+ Kh8 35.Rg3 Qh5 36.Bd4 e5
37.Rh3  1-0

[Event "Pavlodar Open 2013"]
[Site "Pavlodar KAZ"]
[Date "2013.12.10"]
[Round "1.11"]
[White "Karibayev,B"]
[Black "Obolenskikh,D"]
[Result "0-1"]
[WhiteElo "2002"]
[BlackElo "2495"]

1.d4 d6 2.e4 g6 3.Nc3 Bg7 4.Nf3 a6 5.Be2 b5 6.O-O Bb7 7.a3 Nd7 8.Bf4 c5 9.d5 Ngf6
10.Qd3 O-O 11.Qe3 Ng4 12.Qd2 Re8 13.h3 Ngf6 14.Qe3 Qc7 15.Rac1 Nb6 16.Nb1 Nh5
17.c3 Bxd5 18.Bh6 Bc4 19.Bxg7 Kxg7 20.Nbd2 Bxe2 21.Qxe2 e5 22.g3 c4 23.Rfd1 Rad8
24.Nf1 Nf6 25.N1h2 Qc8 26.Kg2 Qc6 27.Re1 Na4 28.Ng4 Ng8 29.Rcd1 Nc5 30.Qe3 h5
31.Ngh2 Nf6 32.Ng5 Nd3 33.Re2 d5 34.f3 dxe4 35.fxe4 Nf4+ 36.gxf4 Rxd1 37.fxe5 Rxe5
38.Nhf3 Nd5 39.exd5 Rxe3 40.dxc6 Rxe2+ 41.Kg3 Rd5 42.h4 f6 43.Nh3 Re8 44.Nf4 Rc5
45.Nd4 Kf7 46.Kf3 Rc8 47.Nfe6 R5xc6  0-1

[Event "5th Penang Open 2013"]
[Site "George Town MAS"]
[Date "2013.12.11"]
[Round "5.45"]
[White "Lim,Ming Xian"]
[Black "William,Lee Kah Howe"]
[Result "1-0"]
[WhiteElo "1686"]
[BlackElo "1798"]

1.e4 d6 2.d4 g6 3.Nc3 Bg7 4.f4 e6 5.Nf3 Ne7 6.Bd3 Nd7 7.Be3 a6 8.Qd2 h6 9.f5 e5
10.dxe5 Nxe5 11.Nxe5 dxe5 12.O-O-O Bd7 13.f6 Bxf6 14.Bxh6 Be6 15.Rdf1 Nc6
16.Be3 Qe7 17.Nd5 Bxd5 18.exd5 Nd8 19.Be4 Rb8 20.c4 b6 21.Qc2 Bg5 22.Qd2 Bxe3
23.Qxe3 Nb7 24.Re1 f5 25.Bc2 e4 26.Kb1 Nd6 27.b3 O-O 28.Qg3 Qf6 29.Rhf1 Rbe8
30.Rf4 a5 31.h4 a4 32.Qe3 axb3 33.Bxb3 Kf7 34.g4 Rh8 35.gxf5 gxf5 36.c5 bxc5
37.Qxc5 Re7 38.Qf2 Kf8 39.a4 Qc3 40.Rxf5+ Ke8 41.Re3 Qb4 42.Rf4 Nc4 43.Rh3 e3
44.Rxe3 Rxe3 45.Qxe3+ Nxe3 46.Rxb4 Kd7 47.a5 Nf5 48.Ba4+ Kd6 49.Bc6 Ne7 50.a6 Nxc6
51.dxc6 Ra8 52.Ra4 Kxc6 53.a7 Kb5 54.Ra2 c5 55.h5 Kb4 56.h6 c4 57.h7 Kb3
58.h8=Q Rxh8 59.a8=Q  1-0

[Event "2nd Kurdistan Open 2013"]
[Site "Erbil IRQ"]
[Date "2013.12.12"]
[Round "3.4"]
[White "Jakubiec,A"]
[Black "Hussein,AH"]
[Result "1-0"]
[WhiteElo "2513"]
[BlackElo "2277"]

1.e4 d6 2.Nc3 g6 3.d4 Bg7 4.Bg5 Nf6 5.Qd2 h6 6.Bh4 g5 7.Bg3 Nh5 8.Nge2 Nc6
9.d5 Ne5 10.Nd4 a6 11.Be2 Nxg3 12.hxg3 c5 13.Nf5 Bxf5 14.exf5 Qa5 15.Ne4 Qxd2+
16.Kxd2 Nd7 17.c3 Nf6 18.Nxf6+ Bxf6 19.a4 b6 20.Rab1 a5 21.Kd3 Kd7 22.Bh5 Rhf8
23.Rbe1 Kc7 24.Re4 Rab8 25.Kc4 Ra8 26.Rhe1 Kd7 27.Kb5 Rae8 28.Kc4 Rb8 29.Be2 Rh8
30.Rh1 Ke8 31.Kb3 Kf8 32.Bb5 Kg7 33.g4 Rbc8 34.Kc4 Rc7 35.Bc6 Rb8 36.Kb5 Rcc8
37.Re3 Kh7 38.Reh3 Bg7 39.g3 Kg8 40.f4 Rc7 41.Rh5 f6 42.Ka6 Bf8 43.Ra1 Bg7
44.Ra3 c4 45.Kb5 Bf8 46.Ra1 gxf4 47.gxf4 e5 48.fxe6 Rg7 49.Rg1 Kh7 50.Kxc4 Be7
51.Kb3 Rh8 52.Bb5 Kg8 53.Bd3 Bf8 54.Bf5 Rc7 55.Rgh1 Bg7 56.Bg6 Kf8 57.g5  1-0

[Event "6th Kolkata Open"]
[Site "Kolkata IND"]
[Date "2013.12.12"]
[Round "8.5"]
[White "Thipsay,P"]
[Black "Sanikidze,T"]
[Result "0-1"]
[WhiteElo "2419"]
[BlackElo "2553"]

1.e4 d6 2.d4 g6 3.Nc3 Bg7 4.f4 Nc6 5.Be3 Nf6 6.Nf3 e6 7.Be2 Ne7 8.Qd3 a6
9.Nd2 b5 10.Bf3 Bb7 11.O-O O-O 12.a3 Rc8 13.b4 Nd7 14.Nb3 Nb6 15.Na5 Ba8
16.Rad1 Nc6 17.Nxc6 Bxc6 18.d5 exd5 19.Bxb6 dxe4 20.Nxe4 cxb6 21.Nxd6 Bxf3
22.Rxf3 Rc6 23.Qd2 Qc7 24.f5 Rd8 25.Rd3 Rxc2 26.Qg5 Rc6 27.Qg3 Bf8 28.fxg6 hxg6
29.Ne4 Qxg3 30.hxg3 Rxd3 31.Rxd3 a5 32.Rd5 f5 33.Ng5 axb4 34.axb4 Bxb4 35.Rxb5 Rc1+
36.Kh2 Bc5 37.Nf3 Kg7 38.g4 fxg4 39.Ne5 Bd6 40.Rd5 Bb8 41.g3 Rc2+ 42.Kh1 Rb2
43.Rd7+ Kf6 44.Nxg4+ Kg5 45.Ne3 Bxg3 46.Rd5+ Kf4 47.Nc4 Rb4 48.Rd4+ Kg5 49.Kg2 Bc7
50.Rd5+ Kf6 51.Ne3 Bf4 52.Kf3 Bxe3 53.Kxe3 g5 54.Kd3 Kg6 55.Kc3 Rf4  0-1

[Event "Pavlodar Open 2013"]
[Site "Pavlodar KAZ"]
[Date "2013.12.12"]
[Round "4.18"]
[White "Kazakov,K"]
[Black "Kaldygarin,Bakytgerey"]
[Result "1-0"]
[WhiteElo "2339"]
[BlackElo "2103"]

1.e4 g6 2.d4 Bg7 3.Nc3 d6 4.f4 Nc6 5.Be3 e5 6.dxe5 dxe5 7.Qxd8+ Kxd8 8.O-O-O+ Bd7
9.g3 Kc8 10.Bc4 f6 11.Nge2 Nge7 12.a3 exf4 13.Nxf4 Ne5 14.Be6 Bh6 15.Rxd7 Nxd7
16.Rd1 Rd8 17.Bc5 Nc6 18.Nd5 Ne5 19.Nxf6 c6 20.Bd6 Nf7 21.Be7 Ng5 22.Bxd7+  1-0

[Event "5th Penang Open 2013"]
[Site "George Town MAS"]
[Date "2013.12.13"]
[Round "8.2"]
[White "Causo,D"]
[Black "Kvon,A"]
[Result "0-1"]
[WhiteElo "2287"]
[BlackElo "2504"]

1.e4 g6 2.d4 Bg7 3.Nc3 d6 4.Be3 a6 5.a4 Nf6 6.h3 O-O 7.Qd2 b6 8.g4 Bb7 9.Bg2 b5
10.Nge2 b4 11.Nd5 Nxd5 12.exd5 a5 13.c3 bxc3 14.Nxc3 Na6 15.h4 Qd7 16.Bf3 Rab8
17.Bh6 e6 18.Bxg7 Kxg7 19.O-O-O Bxd5 20.Bxd5 exd5 21.Qf4 c6 22.h5 Nc7 23.g5 Kg8
24.Qh4 Rfe8 25.Rd3 Re7 26.Rf3 Rbe8 27.Kd2 Ne6 28.Rf6 Nf8 29.Nd1 Re4 30.Rf4 Rxf4
31.Qxf4 Re4 32.Qf6 Qe6 33.hxg6 Qxf6 34.gxh7+ Nxh7 35.gxf6 Rxd4+ 36.Ke3 Rxa4  0-1

[Event "5th Classic Open 2013"]
[Site "London ENG"]
[Date "2013.12.13"]
[Round "7.24"]
[White "Wallace,P"]
[Black "Ansell,S"]
[Result "1/2-1/2"]
[WhiteElo "2130"]
[BlackElo "2374"]

1.e4 g6 2.d4 Bg7 3.Nc3 d6 4.Be3 a6 5.a4 b6 6.Nf3 Bb7 7.Bc4 e6 8.O-O Nd7 9.h3 Ngf6
10.e5 Bxf3 11.Qxf3 dxe5 12.Rad1 O-O 13.d5 e4 14.Nxe4 exd5 15.Nxf6+ Nxf6 16.Bxd5 Nxd5
17.Rxd5 Qf6 18.Qxf6 Bxf6 19.b3 Rad8 20.Rfd1 Rxd5 21.Rxd5 Rd8 22.Rxd8+ Bxd8  1/2-1/2

[Event "5th Classic Open 2013"]
[Site "London ENG"]
[Date "2013.12.14"]
[Round "8.37"]
[White "Roberts,P"]
[Black "Millward,K"]
[Result "1-0"]
[WhiteElo "2215"]
[BlackElo "1950"]

1.d4 d6 2.e4 g6 3.Nc3 Bg7 4.Be3 a6 5.f4 b5 6.Bd3 Nd7 7.Nf3 Bb7 8.e5 c5 9.Be4 Qc8
10.Bxb7 Qxb7 11.dxc5 dxe5 12.Qd5 Qxd5 13.Nxd5 Rc8 14.Nb6 Nxb6 15.cxb6 exf4
16.Bxf4 e5 17.Nxe5 Rb8 18.Nd7 Rb7 19.O-O-O Ne7 20.Bc7 Bh6+ 21.Kb1 Bf4 22.Nf6+ Kf8
23.Bxf4 Kg7 24.Nd7 Rc8 25.Be5+ f6 26.Bc7  1-0

[Event "SportAccord Blitz Women 2013"]
[Site "Beijing CHN"]
[Date "2013.12.15"]
[Round "13.4"]
[White "Koneru,H"]
[Black "Paehtz,E"]
[Result "1-0"]
[WhiteElo "2607"]
[BlackElo "2452"]

1.d4 g6 2.e4 d6 3.Nc3 Bg7 4.Be3 a6 5.h4 h6 6.Qd2 b5 7.O-O-O Bb7 8.f3 Nd7
9.h5 g5 10.d5 Ngf6 11.Nge2 c5 12.dxc6 Bxc6 13.Nd4 Qc7 14.Nf5 Bf8 15.Kb1 Ne5
16.Nd5 Nxd5 17.exd5 Bd7 18.Nd4 Bg7 19.f4 gxf4 20.Bxf4 Nc4 21.Bxc4 bxc4 22.c3 O-O-O
23.Rde1 Rde8 24.Re3 Qc5 25.Nf3 Bf5+ 26.Ka1 Bd3 27.Ne1 Bf5 28.Nf3 Kd7 29.Rhe1 Bf6
30.Qd1 Qa5 31.Nd2 Bd3 32.g4 Rb8 33.Rxd3 cxd3 34.Ne4 Bh4 35.Rh1 Qb5 36.b3 Qxd5
37.Qf3 Qa5 38.Rxh4 d5 39.Qxd3 Ke8 40.Nd2 f6 41.Bxb8 Kf7 42.Qg6+ Ke6 43.Qf5+ Kf7
44.Qg6+ Ke6 45.Qd3 Rxb8 46.Rh1 Kd7 47.Re1 e6 48.Kb2 Rb7 49.Qh7+ Kc8 50.Qg8+ Kc7
51.Qxe6  1-0

[Event "AUS Masters GM"]
[Site "Melbourne AUS"]
[Date "2013.12.15"]
[Round "2.2"]
[White "Li,Zuhao Luke"]
[Black "Cheng,Bo"]
[Result "0-1"]
[WhiteElo "2349"]
[BlackElo "2440"]

1.d4 g6 2.e4 Bg7 3.Nc3 d6 4.Be3 a6 5.f4 b5 6.Bd3 Nd7 7.e5 Bb7 8.Be4 Bxe4
9.Nxe4 Nh6 10.Nf3 c5 11.dxc5 dxe5 12.c6 Nf6 13.Qxd8+ Rxd8 14.Nxf6+ exf6 15.c7 Rc8
16.Bb6 Kd7 17.O-O-O+ Kc6 18.Ba5 Nf5 19.fxe5 fxe5 20.Rhe1 f6 21.g4 Nd6 22.g5 Rhe8
23.gxf6 Bxf6 24.b3 e4 25.Nd4+ Kb7 26.Re2 Nf5 27.c3 Bxd4 28.cxd4 Kc6 29.d5+ Kd6
30.Kb2 e3 31.Bb6 Re5 32.Kc2 Rce8 33.a4 bxa4 34.bxa4 a5 35.Bxa5 Re4 36.Kc3 Rxa4
37.Bb6 Ra6 38.Rb1 Ne7 39.Bxe3 Nxd5+ 40.Kc4 Rxe3 41.Rxe3  0-1

[Event "SportAccord Blitz Women 2013"]
[Site "Beijing CHN"]
[Date "2013.12.16"]
[Round "22.1"]
[White "Lagno,Kateryna"]
[Black "Paehtz,E"]
[Result "0-1"]
[WhiteElo "2543"]
[BlackElo "2452"]

1.e4 g6 2.d4 Bg7 3.Nc3 d6 4.Be3 a6 5.Qd2 Nd7 6.f3 b5 7.h4 h6 8.h5 g5 9.O-O-O b4
10.Nce2 Rb8 11.f4 gxf4 12.Nxf4 Bb7 13.Bc4 Bxe4 14.Nge2 Ngf6 15.Ng3 Bh7 16.Bd3 e6
17.Ng6 fxg6 18.hxg6 Bg8 19.Bxh6 Qe7 20.Bxg7 Qxg7 21.Rxh8 Qxh8 22.Qg5 Qg7
23.Qa5 Kd8 24.Qxa6 Nb6 25.Re1 Nfd5 26.Kb1 Qxd4 27.Qa7 Ra8 28.Qb7 Qf2 29.Rf1 Qxg3
30.Rf8+ Ke7 31.Rf1 Rf8 32.Rc1 Nd7 33.Bc4 Qxg6 34.Bxd5 exd5 35.Qxc7 Be6 36.Qb7 Qe4
37.g3 Rf2 38.Qc7 Bf5 39.Qc8 Re2 40.Qc7 Re1 41.b3 Rxc1+ 42.Kxc1 d4 43.Qc4 Qe1+
44.Kb2 Qc3+ 45.Qxc3 dxc3+ 46.Kb1 Nb6 47.a3 Nd5 48.a4 Ne3 49.a5 Bxc2+ 50.Ka1 Bxb3
51.a6 Bd5  0-1

[Event "SportAccord Blitz Women 2013"]
[Site "Beijing CHN"]
[Date "2013.12.16"]
[Round "25.7"]
[White "Kosintseva,T"]
[Black "Paehtz,E"]
[Result "1/2-1/2"]
[WhiteElo "2496"]
[BlackElo "2452"]

1.e4 g6 2.d4 Bg7 3.Nc3 d6 4.Be3 a6 5.Nf3 Nd7 6.a4 b6 7.Qd2 Bb7 8.Bd3 e6 9.O-O c5
10.dxc5 Nxc5 11.b4 Nd7 12.Rad1 Qc7 13.Ne2 Ngf6 14.Ng3 h5 15.Bg5 Ng4 16.h3 Nge5
17.Nxe5 Nxe5 18.f4 Nd7 19.c4 h4 20.Ne2 Nf6 21.Bxf6 Bxf6 22.Qe3 a5 23.b5 Rc8
24.f5 gxf5 25.exf5 Rg8 26.Be4 Bxe4 27.Qxe4 Be5 28.fxe6 fxe6 29.Qf3 Qg7 30.Qh5+ Kd8
31.Qxh4+ Kc7 32.Qg4 Qxg4 33.hxg4 Rxg4 34.Rf7+ Kb8 35.Re7 Rcg8 36.g3 Bxg3
37.Nxg3 Rxg3+ 38.Kf2 Rg2+ 39.Kf3 R2g3+ 40.Kf2 Rg2+ 41.Kf3 R2g3+ 42.Kf2 Rg2+
43.Kf3 R2g3+ 44.Ke2 Rg2+ 45.Kf3 R2g3+  1/2-1/2

[Event "SportAccord Blitz Women 2013"]
[Site "Beijing CHN"]
[Date "2013.12.16"]
[Round "29.5"]
[White "Hou Yifan"]
[Black "Paehtz,E"]
[Result "1-0"]
[WhiteElo "2629"]
[BlackElo "2452"]

1.e4 g6 2.d4 Bg7 3.Nc3 d6 4.Be3 a6 5.f4 b5 6.Nf3 Bb7 7.Bd3 b4 8.Ne2 Nd7 9.Qd2 a5
10.Ng3 Ngf6 11.c4 e6 12.h3 h5 13.e5 Ng8 14.Ne4 d5 15.Neg5 dxc4 16.Bxc4 Nb6
17.Bb5+ Kf8 18.O-O Ne7 19.Bf2 Nbd5 20.Bh4 c6 21.Bd3 Qb6 22.Rac1 Nf5 23.Bf2 Kg8
24.Ne4 Ba6 25.Bxa6 Rxa6 26.Rc2 Bf8 27.Rfc1 Qb5 28.Nc5 Ra8 29.Nd7 Bh6 30.Ng5 Ra6
31.Nc5 Ra8 32.Nce4 Ra6 33.Rc5 Qb7 34.Qc2 Nfe7 35.Nf6+ Kg7 36.Nxd5 Nxd5 37.Qe4 Bxg5
38.fxg5 Rc8 39.Rf1 Qe7 40.Bh4 Nb6 41.Rxc6 Rca8 42.Rxb6 Rxb6  1-0

[Event "Pavlodar Open 2013"]
[Site "Pavlodar KAZ"]
[Date "2013.12.17"]
[Round "8.6"]
[White "Ulibin,M"]
[Black "Kassimov,B"]
[Result "1/2-1/2"]
[WhiteElo "2506"]
[BlackElo "2367"]

1.d4 d6 2.e4 g6 3.Nc3 Bg7 4.Bg5 c6 5.Qd2 Nd7 6.f4 Qa5 7.Nf3 Nf8 8.h3 Ne6
9.Bh4 Nf6 10.g4 b5 11.Bd3 b4 12.Ne2 c5 13.d5 Nc7 14.c4 bxc3 15.bxc3 Ba6 16.O-O h5
17.g5 Nd7  1/2-1/2

[Event "Russian Rapid Cup Final 2013"]
[Site "Khanty-Mansiysk RUS"]
[Date "2013.12.20"]
[Round "1.2"]
[White "Panarin,M"]
[Black "Onischuk,V"]
[Result "0-1"]
[WhiteElo "2555"]
[BlackElo "2591"]

1.e4 d6 2.d4 g6 3.Nc3 Bg7 4.Be3 c6 5.Qd2 b5 6.f3 Nd7 7.h4 h5 8.Nh3 Ngf6 9.Ng5 Qc7
10.Ne2 Bb7 11.Nf4 O-O 12.Be2 e5 13.dxe5 Nxe5 14.O-O Rad8 15.Rad1 Rfe8 16.Qc1 a6
17.Bf2 c5 18.b3 c4 19.Rfe1 d5 20.exd5 Nxd5 21.Nxd5 Bxd5 22.Bf1 Qc6 23.Qf4 Qb7
24.Kh1 cxb3 25.cxb3 Rd7 26.Rc1 Rde7 27.Red1 f6 28.Ne4 Bxe4 29.Qxe4 Qxe4 30.fxe4 Ng4
31.Bc5 Bh6 32.Bxe7 Bxc1 33.Rxc1 Rxe7 34.a4 bxa4 35.bxa4 a5 36.Rc4 Rd7 37.Rc8+ Kg7
38.Be2 Nf2+ 39.Kg1 Nxe4 40.Ra8 Nc3 41.Bb5 Rd4 42.Rxa5 Nxb5 43.axb5 Rxh4 44.Ra8 Rb4
45.Rb8 Rb2 46.b6 Kh6 47.b7 Kg5 48.g3 f5 49.Kf1 Kg4 50.Rg8 Rxb7 51.Rxg6+ Kf3
52.Kg1 Rb1+ 53.Kh2 Rb2+ 54.Kh3 Rb1 55.Kh2 h4 56.gxh4 f4 57.Ra6 Rb2+ 58.Kh3 Kf2
59.Ra1 f3 60.h5 Re2 61.h6 Re6 62.h7 Rh6+ 63.Kg4 Kg2 64.Ra7 f2 65.Kg5 Rxh7
66.Rxh7 f1=Q 67.Rh4 Qb5+ 68.Kf4 Qc4+ 69.Kg5 Qd5+ 70.Kf4 Qd4+ 71.Kg5 Qe5+
72.Kh6 Kg3 73.Rh5 Qf6+ 74.Kh7 Kg4 75.Rh6 Qf5+ 76.Kg8 Kg5 77.Rh7 Kg6 78.Rg7+ Kh6
79.Re7 Qd5+ 80.Kf8 Kg6 81.Ke8 Kf6 82.Rc7 Qb5+ 83.Kd8 Qb6 84.Kd7 Qd4+ 85.Kc8 Qd5
86.Rd7 Qa8+ 87.Kc7 Ke6 88.Rd6+ Ke5 89.Rd7 Qa5+ 90.Kc6 Qa4+ 91.Kc7 Ke6 92.Rd6+ Ke7
93.Rc6 Qa7+ 94.Kc8 Qd7+  0-1

[Event "Al-Ain Classic Open A 2013"]
[Site "Al-Ain UAE"]
[Date "2013.12.21"]
[Round "3.27"]
[White "Sosovicka,J"]
[Black "Shoker,S"]
[Result "1-0"]
[WhiteElo "2188"]
[BlackElo "2497"]

1.e4 d6 2.d4 g6 3.Nc3 Bg7 4.Be3 a6 5.f4 b5 6.Bd3 Bb7 7.Nf3 b4 8.Ne2 Nf6 9.Ng3 h5
10.e5 Nd5 11.Bd2 c5 12.e6 f5 13.Nh4 Qc8 14.Qe2 Nc6 15.c3 bxc3 16.bxc3 cxd4
17.c4 Nc3 18.Bxc3 dxc3 19.Nxg6 Nd4 20.Qe3 Rh6 21.Nxf5 Nxf5 22.Bxf5 Qxc4 23.Bd3 Qd5
24.f5 c2 25.Bxc2 Rxg6 26.Ba4+ Kf8 27.fxg6 Qa5+ 28.Qd2 Bc3 29.O-O+ Kg8 30.Qh6  1-0

[Event "WYCC U16 Girls 2013"]
[Site "Al-Ain UAE"]
[Date "2013.12.21"]
[Round "5.28"]
[White "Srija,S"]
[Black "Bagirova,K"]
[Result "1-0"]
[WhiteElo "1980"]
[BlackElo "1838"]

1.e4 g6 2.d4 Bg7 3.Nc3 d6 4.f4 e6 5.Nf3 Ne7 6.Be3 O-O 7.Be2 b6 8.O-O Ba6
9.Bxa6 Nxa6 10.Qe2 Qc8 11.Rad1 Qb7 12.Bf2 Rfd8 13.Bh4 Re8 14.g4 Rad8 15.e5 Ra8
16.Ne4 Nd5 17.Nf6+ Nxf6 18.Bxf6 Nb4 19.Bxg7 Kxg7 20.Qd2 Nd5 21.f5 exf5 22.gxf5 gxf5
23.c4 Ne7 24.Qg5+ Ng6 25.Nh4 Rg8 26.Nxf5+ Kf8 27.Qh6+ Ke8 28.Ng7+ Kf8 29.e6 Nh8
30.Rd3 Qe4 31.e7+ Kxe7 32.Re3 Rxg7+ 33.Kf2 Rg2+ 34.Ke1 Qxe3+ 35.Qxe3+ Kf8
36.Qh6+ Kg8 37.Rf2 Re8+ 38.Kf1 Rg6 39.Qf4 Rge6 40.h4 Kf8 41.h5 Re1+ 42.Kg2 R1e6
43.d5 Re5 44.Qf6  1-0

[Event "51st Groningen Open A 2013"]
[Site "Groningen NED"]
[Date "2013.12.21"]
[Round "1.28"]
[White "Willemze,T"]
[Black "Khelaia,G"]
[Result "1-0"]
[WhiteElo "2421"]
[BlackElo "2110"]

1.e4 g6 2.d4 Bg7 3.Nc3 d6 4.Be3 c6 5.Qd2 b5 6.f3 Nd7 7.h4 h5 8.Nh3 Nb6 9.Ng5 Nf6
10.b3 O-O 11.Bd3 a6 12.Rd1 Qc7 13.O-O e6 14.Ne2 c5 15.c3 c4 16.Bb1 Bd7 17.b4 a5
18.a3 axb4 19.axb4 Ra3 20.Bf4 Rfa8 21.e5 dxe5 22.Bxe5 Qa7 23.Bxf6 Bxf6 24.Ne4 Bg7
25.Nf4 Na4 26.Kh1 f5 27.Nxg6 fxe4 28.Ne7+ Kh8 29.Bxe4 Nxc3 30.Qg5 Be8 31.Rde1 Nxe4
32.fxe4 Rg3 33.Qxg3 Qxe7 34.d5 Rd8 35.dxe6 Qxe6 36.e5 Rd5 37.Rf6 Qg4 38.Qxg4 hxg4
39.Rd6 Rd3 40.Rd1 Bxe5 41.R1xd3 cxd3 42.Rd8 d2 43.Rxe8+ Kg7 44.Rd8 Bc3 45.Kg1 Bxb4
46.g3 Bc3 47.Kf2 b4 48.Ke2 b3 49.Rxd2 Be5 50.Rd7+ Kf6 51.Kf2 b2 52.Rb7 Kf5
53.Rb4 Bd4+ 54.Ke2 Be5 55.Rb5 Ke4 56.h5 Bxg3 57.Rxb2 Kf5 58.Rb6 Bf4 59.h6 Kg5
60.h7  1-0